000 00602nam a2200205Ia 4500
005 20250326145616.0
008 250326s9999 xx 000 0 und d
037 _aTextbook
040 _aFMSL
_beng
_cFMSL
041 _aeng
_2eng
084 _aL:14.1 Q8
_qFMSL
100 _aWarwcik-booth L
_9751479
245 0 _aGlobal health studies: a social determits perspective
_cWarwcik-booth L; Cross R
260 _aUnited Kingdom
_bUnited Kingdom, Polity
_c2018
300 _a200p
365 _aUSD
_b26.95
650 _aManagement
942 _cTB
_hL:14.1 Q8
999 _c1308164
_d1308164